Subversion of Nehruvian Economics: (Record no. 192076)

MARC details
000 -LEADER
fixed length control field 00561nam a22001817a 4500
005 - DATE AND TIME OF LATEST TRANSACTION
control field 20220912104458.0
010 ## - LCCN (DPL NO)
LC control number ENG-135014
020 ## - INTERNATIONAL STANDARD BOOK NUMBER
Terms of availability 200.00
035 ## - SYSTEM CONTROL NUMBER
System control number EN-118546
037 ## - SOURCE OF ACQUISITION
Source of stock number/acquisition DBAD/PUB
082 ## - DEWEY DECIMAL CLASSIFICATION NUMBER
Classification number 338.954
100 ## - MAIN ENTRY--PERSONAL NAME
Personal name Ghodke, N.B.
245 ## - TITLE STATEMENT
Title Subversion of Nehruvian Economics:
Remainder of title A critique of Economic Reforms/
Statement of responsibility, etc N.B. Ghodke
260 ## - PUBLICATION, DISTRIBUTION, ETC. (IMPRINT)
Place of publication, distribution, etc Dharwad
Name of publisher, distributor, etc Vijayalakshmi Prakashana
Date of publication, distribution, etc 2016
270 ## - ADDRESS
Address "Shree Renuke", 5th Cross, Laxmi Nagar
City Dharwad
Postal code 580004
300 ## - PHYSICAL DESCRIPTION
Extent iv, 160p.
Dimensions 21cm(pbk)
942 ## - ADDED ENTRY ELEMENTS (KOHA)
Source of classification or shelving scheme Dewey Decimal Classification
Item type English Books
Classification part 338.954
Call number suffix GHO
Holdings
Withdrawn status Lost status Not for loan Collection code Home library Current library Date acquired Source of acquisition Cost, normal purchase price Full call number Barcode Copy number Cost, replacement price Koha item type
      Non-fiction Shahdara Branch Shahdara Branch 12/09/2022 DBAD/PUB 200.00 338.954 GHO EN-118546 1 200.00 English Books

© Delhi Public Library
Hit Counter
free hit counter